00671cam a22001814a 4500020001500000040000800015082002600023100002200049245004900071260004200120300007400162650002500236700002100261700002100282856006000303856006700363856005900430 a0764508415 cDLC00a005 HUN 2001 A006 Or.1 aZikopoulos, Paul.10aDB2 fundamentals certification for dummies / aNew York, NY :bHungry Minds,cc2001. axxii, 429 p. :bill. ;c24 cm. +e1 computer optical disc (4 3/4 in.) 0aDatabase management.1 aGibbs, Jennifer.1 aMelnyk, Roman B.42uhttp://www.loc.gov/catdir/bios/wiley045/2001089320.html42uhttp://www.loc.gov/catdir/description/wiley038/2001089320.html41uhttp://www.loc.gov/catdir/toc/wiley021/2001089320.html